000 00544nam a2200193Ia 4500
005 20250508152042.0
008 008 250505s9999 xx 000 0 eng d
037 _aTextual
040 _aFEDL
_beng
_cFEDL
041 _aeng
_2eng
084 _a301, HUN
_qFEDL
100 _aHunt Elgin F.
245 0 _aSocial science : An introduction to the study of society
260 _aNew York, USA
_bThe Macmillan Company
_c1955
300 _axv,741p.
650 _aSociology
942 _cTEXL
_h301, HUN
999 _c1333935
_d1333935